000 00723nam a2200289Ia 4500
005 20260324114616.0
008 008 260324s9999 xx 000 0 eng d
020 _a9781003186205
037 _aEBOOK
040 _aCRL
040 _beng
040 _cCRL
041 _2eng
041 _aeng
084 _qCRL
100 _aGulzar Ahmad Nayik; Amir Gull; Tariq Ahmad Ganaie
_91151456
245 0 _aHandbook of Oleoresins
245 0 _bExtraction, Characterization, and Applications
260 _bTaylor and Francis
260 _c2022
365 _a
365 _b385
856 _uhttp://www.taylorfrancis.com/books/9781003186205
942 _cEBOOK
999 _c1741727
_d1741727